| 000 | 00646nam a22002057a 4500 | ||
|---|---|---|---|
| 003 | OSt | ||
| 005 | 20260618154102.0 | ||
| 008 | 260618b |||||||| |||| 00| 0 eng d | ||
| 020 | _a1416615064 | ||
| 040 | _cChuka university library | ||
| 100 |
_aBarnes Mark _930297 |
||
| 245 | _aRole reversal | ||
| 260 |
_aAlexandria, Virginia USA _bASCD _c2013 |
||
| 300 | _aVarious pagings | ||
| 650 |
_aClassroom management--united states _927900 |
||
| 650 |
_aTeaching---united states _928742 |
||
| 650 |
_aTeacher-student relationship--united states _930298 |
||
| 650 |
_aEducational tests and measurements --united states _928831 |
||
| 942 |
_2lcc _cBK _n0 |
||
| 999 |
_c24834 _d24834 |
||